Statistics for Countries Beginning and Ending with the Same Letter

Click here to take the quiz!

General Stats

  • This quiz has been taken 486 times
    (476 since last reset)
  • The average score is 10 of 15

Answer Stats

ContinentCountries% Correct
Oceania Australia
93%
South America Argentina
89%
EuropeAlbania
87%
EuropeAndorra
85%
Europe Austria
85%
Asia Armenia
81%
Africa Algeria
79%
North AmericaAntigua and Barbuda
78%
AfricaAngola
74%
North AmericaSaint Kitts and Nevis
60%
Oceania Solomon Islands
60%
AfricaSeychelles
47%
EuropeCzech Republic
39%
AfricaCentral African Republic
30%
North AmericaSaint Vincent and the Grenadines
27%

Score Distribution

Percentile by Number Answered

Percent of People with Each Score

Your Score History

You have not taken this quiz since the last reset